Clase trabajadora y movimiento sindical en Cuba : 1959-1996 /

Obra en dos volúmenes en que se estudia y se cuestiona la trayectoria del trabajo y de las organizaciones obreras durante los siglos XIX y XX en Cuba. El primer volumen inicia con el nacimiento de la clase trabajadora y cubre las diversas etapas que caracterizan su evolución, así como la del sindica...

Descripción completa

Guardado en:
Detalles Bibliográficos
Autor principal: Córdova, Efrén (autor)
Formato: Libro
Idioma:Español
Publicado: Miami, EUA : Florida International University, Center for Labor Research and Studies : Universal, 1996, c1996
Colección:(Cuba y sus Jueces)
Temas:
Etiquetas: Agrega una etiqueta
Sin etiquetas, Sé el primero en etiquetar este registro!

MARC

LEADER 00000nam^a2200000^a^4500
001 000154427
005 20250521000000.0
009 20260310100354.555
020 |a 0-89729-767-9 
020 |a 0-89729-766-0 
037 |a Acervo ITESO - Biblioteca 
041 |a ESP 
082 |a 331. 8097291  |b COR V. 2 
100 |a Córdova, Efrén  |e (autor) 
240 1 1 |a [Clase trabajadora y movimiento sindical en Cuba] 
245 1 0 |a Clase trabajadora y movimiento sindical en Cuba :  |b 1959-1996 /  |c E. Córdova. 
264 4 |a Miami, EUA :  |b Florida International University, Center for Labor Research and Studies :  |b Universal,  |c 1996, c1996 
300 |a 462 p. 
336 |a texto  |b txt  |2 rdacontenido 
337 |a sin mediación  |b n  |2 rdamedio 
338 |a volumen  |b nc  |2 rdasoporte 
440 1 |a (Cuba y sus Jueces) 
520 |a Obra en dos volúmenes en que se estudia y se cuestiona la trayectoria del trabajo y de las organizaciones obreras durante los siglos XIX y XX en Cuba. El primer volumen inicia con el nacimiento de la clase trabajadora y cubre las diversas etapas que caracterizan su evolución, así como la del sindicalismo hasta 1959; el segundo, examina la condición de los obreros y campesinos, así como de las organizaciones pertenecientes a la Central de Trabajadores de Cuba después de la revolución. 
649 |a XX 
650 |a Obreros -  |z Cuba -  |x Condiciones Laborales 
650 |a Trabajo 
650 |a Sindicalismo 
650 |a Relaciones Empleado-Empleador 
650 |a Relaciones Laborales 
650 |a Recursos Humanos 
650 |a Política Laboral 
650 |a Política Económica 
650 |a Movimientos Sociales 
650 |a Sociología Laboral 
650 |a Economía Laboral 
650 |a Economía -  |z Cuba -  |x Historia -  |y 1959- 
650 |a Cuba -  |x Condiciones Laborales 
650 |a Cuba -  |x Condiciones Económicas 
910 |a Fondo General 
920 |a Impresos - Libros 
930 |a Colección General 
905 |a 101 
901 |a 0500085973  |b IT1  |c ACC  |u 20250521 
902 |a https://opac.biblio.iteso.mx/vufind/Record/000154427